| 000 | 00939nam a2200205 i 4500 | ||
|---|---|---|---|
| 001 | 154650 | ||
| 003 | ES-MaACL | ||
| 005 | 20230906205817.0 | ||
| 008 | 980609s1885 sp |||| | spa d | ||
| 100 | 1 |
_aGordillo Lozano, Gaspar. _9127474 |
|
| 245 | 1 | 3 |
_aLa mortalidad de Madrid _b: colección de artículos publicados sobre dicho tema / _cpor Gaspar Gordillo Lozano. |
| 260 |
_aMadrid : _b[s.n.], _c1885 ( _fImp. de F. Maroto e Hijos) |
||
| 300 |
_a176 p. ; _c18 cm. |
||
| 530 | _aDisponible en formato digital. | ||
| 650 | 4 |
_aMortalidad- _zMadrid. _9139257 |
|
| 852 |
_aES-MaACL _jD-2404 |
||
| 852 |
_aES-MaACL _jT-401-F-3 _z- Enc. hol., falto de cub. original _z. - An. ms.: Donativo del autor [al Ateneo de Madrid] _z- Enc. en un vol. facticio |
||
| 852 |
_aES-MaACL _jT-401-F-5 |
||
| 856 |
_uhttp://bibliotecadigitalhispanica.bne.es:80/webclient/DeliveryManager?pid=1835595&custom_att_2=simple_viewer _zBiblioteca Digital Hispánica |
||
| 999 |
_c154650 _d154650 |
||